000
00286nam a22001337a 4500
008
181204b xxu||||| |||| 00| 0 eng d
020
_a
0538016000
041
_a
eng
080
_a
330.722
100
_a
61
101
_a
KON
245
_a
Mnagerial Accouting
_c
Fes.W
942
_2
udc
_c
BK
999
_c
52809
_d
52809